Statistiken für Urlaub für's Gehirn - K.I.Z. - Songtext

Klicken Sie hier um das Quiz zu spielen!

Allgemein

  • Dieses Quiz wurde 220 mal gespielt
    (191 seit der letzten Aktualisierung)
  • Das Durchschnittsergebnis liegt bei 271 aus 414

Antwortstatistiken

Antwort% Korrekt
für
97%
Für
97%
Geh
95%
die
94%
Die
94%
da
92%
Gehirn
92%
Urlaub
92%
Das
91%
das
91%
ist
90%
für's
89%
und
87%
Und
87%
sie
86%
Sie
86%
wir
85%
Wir
85%
der
84%
hier
83%
du
82%
Du
82%
so
82%
Ich
80%
ich
80%
man
80%
Mucke
80%
Haus
79%
es
76%
machen
76%
Nutten
76%
staubsaugen
76%
wenn
76%
zu
76%
Hausfrauen
75%
hör
75%
Männer
75%
echten
74%
mein
74%
Pressluft
74%
den
73%
hämmern
73%
meine
73%
zum
73%
ein
72%
haben
72%
im
72%
an
71%
An
71%
hören
71%
kein
71%
wie
71%
Wie
71%
dich
70%
Kids
70%
auf
69%
bin
69%
Bin
69%
gestört
69%
bist
68%
meiner
67%
nicht
67%
Stirn
67%
Gestörte
66%
hinter
66%
Rot
66%
Was
66%
nach
65%
erfunden
64%
Ghetto
64%
gibt
64%
In
64%
in
64%
Leere
64%
Mutter
64%
nur
64%
war
64%
mit
63%
dass
62%
Gähnende
62%
Sound
62%
von
62%
Blumenkasten
61%
deutsches
61%
Halloween
61%
hässlich
61%
Schulen
61%
sind
61%
will
61%
berliner
60%
Haramstufe
60%
lässt
60%
ab
59%
Deine
59%
mir
59%
Salamiverbot
59%
soll
59%
unten
59%
Frühchen
58%
Pausenhöfen
58%
Frau
57%
Ghettos
57%
gilt
57%
sagen
57%
Scheiß
57%
scheiß
57%
spielen
56%
um
56%
alle
55%
diesem
55%
kann
55%
lern
55%
Mutti
55%
weißen
55%
bei
54%
sei
54%
Siegfried
54%
Diesel
53%
Stinkstiefel
53%
Vin
53%
als
52%
Fick
52%
Roy
52%
verbuddeln
52%
waren
51%
Busfahrer
50%
Hurensohn
50%
ihr
50%
klatschen
50%
meinem
50%
mich
50%
dabei
49%
Fitnesstraining
49%
genug
49%
Jahre
49%
mal
49%
beim
48%
dieser
48%
Fettsack
48%
radiotauglich
48%
Sklaverei
48%
stimmt
48%
traumtanzen
48%
am
47%
besser
47%
Shirt
47%
Tupac
47%
alles
46%
bauen
46%
Baum
46%
besoffen
46%
durch
46%
Frust
46%
Groupies
46%
Idioten
46%
klären
46%
pflanzen
46%
popeln
46%
abzulassen
45%
Blumenkohl
45%
ihn
45%
keiner
45%
Kissen
45%
letzten
45%
Mädchen
45%
naschen
45%
reiß
45%
scheiße
45%
werd
45%
wollen
45%
damit
44%
dann
44%
Nachname
44%
Ohr
44%
Reifen
44%
Stimmen
44%
Vorname
44%
vortanzen
44%
Alter
43%
Bullen
43%
glaub
43%
hört
43%
Kobe-Rind
43%
Resteficken
43%
Schuss
43%
U8
43%
Flirten
42%
Luft
42%
noch
42%
trete
42%
Bürgersteig
41%
Butze
41%
entweicht
41%
Erzähl
41%
Haifischfutter
41%
massiert
41%
musstest
41%
oder
41%
sechs
41%
Stichst
41%
Uhr
41%
Waldorfschule
41%
wechseln
41%
brichst
40%
kicken
40%
kommt
40%
Minuten
40%
Setz
40%
Teenie-Mütter
40%
Vierhundert
40%
fünf
39%
guckst
39%
Quadrate
39%
willst
39%
blöd
38%
pennt
38%
Rapper
38%
ruf
38%
auf'm
36%
Bangbus
36%
drei
36%
ganz
36%
Leichenhalle
36%
Rache
36%
Geld
35%
Leder
35%
Mentos
35%
Selbstmordattentat
35%
Cola
34%
Liter
34%
Triff
34%
trink
34%
Vespa
34%
Scheibenputzer
33%
schleich
31%
gezogen
30%
Yuppies
29%
dazu
27%
Bräute
26%
Sarrazins
24%

Verteilung der Resultate

Perzentil nach korrekt beantworteten Fragen

Anzahl Personen mit jedem Resultat

Ihre Resultats-Entwicklung

Sie haben dieses Quiz seit der letzten Aktualisierung nicht gespielt